Palgrave macmillan law masters : (Record no. 5881)

MARC details
000 -LEADER
fixed length control field 00520nam a22001817a 4500
008 - FIXED-LENGTH DATA ELEMENTS--GENERAL INFORMATION
fixed length control field 140629b xxu||||| |||| 00| 0 eng d
020 ## - INTERNATIONAL STANDARD BOOK NUMBER
International Standard Book Number 9-7802-3028-4180
082 ## - DEWEY DECIMAL CLASSIFICATION NUMBER
Edition number 22 ed.
Classification number 346.043
Item number CUR
100 ## - MAIN ENTRY--PERSONAL NAME
Personal name Cursley, Joe
245 ## - TITLE STATEMENT
Title Palgrave macmillan law masters :
Remainder of title land law
Statement of responsibility, etc Joe Cursley and Mark Davys
250 ## - EDITION STATEMENT
Edition statement 7 ed.
260 ## - PUBLICATION, DISTRIBUTION, ETC. (IMPRINT)
Place of publication, distribution, etc N.Y :
Name of publisher, distributor, etc Palgrave macmillan law masters
300 ## - PHYSICAL DESCRIPTION
Extent xxv, 288 P. ;
Dimensions 23 cm.
500 ## - GENERAL NOTE
General note Includes Index
650 ## - SUBJECT ADDED ENTRY--TOPICAL TERM
Topical term or geographic name as entry element land law
700 ## - ADDED ENTRY--PERSONAL NAME
Personal name Davys, Mark
942 ## - ADDED ENTRY ELEMENTS (KOHA)
Source of classification or shelving scheme Dewey Decimal Classification
Item type Books
Holdings
Withdrawn status Lost status Source of classification or shelving scheme Damaged status Not for loan Home library Current library Shelving location Date acquired Total Checkouts Full call number Barcode Date last seen Copy number Price effective from Koha item type Public note
    Dewey Decimal Classification     Law Development Centre Main Library Law Development Centre Main Library Text Books and Laws 06/29/2014   346.043 CUR 8917/2014 06/29/2014 1 06/29/2014 Books reserve
    Dewey Decimal Classification     Law Development Centre Main Library Law Development Centre Main Library Text Books and Laws 06/29/2014   346.043 CUR 8918/2014 06/29/2014 2 06/29/2014 Books reserve
    Dewey Decimal Classification     Law Development Centre Main Library Law Development Centre Main Library Text Books and Laws 06/29/2014   346.043 CUR 8919/2014 06/29/2014 3 06/29/2014 Books reserve
    Dewey Decimal Classification     Law Development Centre Main Library Law Development Centre Main Library Text Books and Laws 06/29/2014   346.043 CUR 8920/2014 06/29/2014 4 06/29/2014 Books reserve